Fluid mechanics, with engineering applications / (Record no. 5456)

MARC details
000 -LEADER
fixed length control field 00616cam a2200217 i 4500
001 - CONTROL NUMBER
control field BD-DhSAU 5456
003 - CONTROL NUMBER IDENTIFIER
control field BD-DhSAU
005 - DATE AND TIME OF LATEST TRANSACTION
control field 20150415162252.0
008 - FIXED-LENGTH DATA ELEMENTS--GENERAL INFORMATION
fixed length control field 760730s1954 nyua b 001 0 eng
040 ## - CATALOGING SOURCE
Original cataloging agency BD-DhSAU
082 00 - DEWEY DECIMAL CLASSIFICATION NUMBER
Classification number 532
Edition number 22
Item number DAF
100 1# - MAIN ENTRY--PERSONAL NAME
Personal name Daugherty, Robert L.
245 10 - TITLE STATEMENT
Title Fluid mechanics, with engineering applications /
Statement of responsibility, etc. Robert L. Daugherty and A. C. Ingersoll
250 ## - EDITION STATEMENT
Edition statement 5th ed.
260 ## - PUBLICATION, DISTRIBUTION, ETC. (IMPRINT)
Place of publication, distribution, etc. New York :
Name of publisher, distributor, etc. McGraw-Hill ,
Date of publication, distribution, etc. c1954.
300 ## - PHYSICAL DESCRIPTION
Extent xiii, 472 p.:
Other physical details ill. ;
Dimensions 24 cm.
504 ## - BIBLIOGRAPHY, ETC. NOTE
Bibliography, etc Includes index.
590 ## - Name of Cataloguer
Name of Cataloger IMRAN
650 #0 - SUBJECT ADDED ENTRY--TOPICAL TERM
Topical term or geographic name as entry element Hydraulics.
700 ## - ADDED ENTRY--PERSONAL NAME
Personal name Ingersoll, A. C.
942 ## - ADDED ENTRY ELEMENTS (KOHA)
Source of classification or shelving scheme Dewey Decimal Classification
Koha item type Book
Holdings
Withdrawn status Lost status Source of classification or shelving scheme Damaged status Not for loan Collection code Home library Branch Name Shelving location Date acquired Total Checkouts Full call number Barcode Date last seen Price effective from Koha item type
    Dewey Decimal Classification   Not For Loan Reference SAU Library SAU Library Reference 18/04/1979   532 DAF 2934 15/04/2015 15/04/2015 Book